000 00662nam a2200265Ia 4500
005 20260121170554.0
008 008 260114s9999 xx 000 0 eng d
020 _a9783319917887
037 _aEBOOK
040 _aCRL
040 _beng
040 _cCRL
041 _2eng
041 _aeng
084 _qCRL
100 _aJ.N. Campbell, Steven M. Rooney
_91065530
245 2 _aA Time-Release History of the Opioid Epidemic
260 _bSpringer
260 _bSpringer
260 _c2018
856 _uhttps://link.springer.com/openurl?genre=book&isbn=978-3-319-91788-7
942 _cEBOOK
999 _c1631260
_d1631260